[Event "20th Prague Open 2022"]
[Site "Prague"]
[Date "2022.01.07"]
[Round "1.1"]
[White "Urkedal, Frode Olav Olsen"]
[Black "Pacl, Vaclav"]
[Result "1-0"]
[WhiteElo "2553"]
[BlackElo "2021"]
[Annotator "TA"]
[PlyCount "85"]
[EventDate "2022.01.07"]
[EventType "swiss"]
[EventCountry "CZE"]
[SourceTitle "playchess.com"]
[Source "ChessBase"]
[SourceQuality "1"]

{[%evp 17,85,17,41,20,32,7,50,19,85,75,90,63,118,106,137,91,96,100,108,66,72,66,66,66,66,68,68,66,59,59,99,59,105,49,118,86,126,123,151,117,111,101,230,221,219,219,215,224,314,298,337,338,319,257,452,444,503,474,587,577,806,755,2048,2067,2119,1388,1322,1212,29985,29986]} 1. d4 Nf6 2. c4 Nc6 3. Nf3 e6 4. Nc3 Bb4 5. Bd2 O-O 6. Qc2 d6 7. a3 Bxc3 8. Bxc3 Qe7 9. e3 e5 {9...e5 is better than 9...a5.} 10. d5 {E33: Nimzo-Indian: Classical: 4...Nc6.} Nb8 11. Be2 Nbd7 {[#]} (11... Bg4 $11) 12. e4 $146 {White is slightly better.} ({Predecessor:} 12. b4 Ne8 13. O-O f5 14. Rac1 f4 15. exf4 Rxf4 16. c5 Ndf6 17. cxd6 cxd6 18. Bd2 {½-½ (43) Donchenko,A (2632)-Svane,F (2329) Playchess.com INT 2021}) 12... Ne8 (12... a5 $11 {keeps the balance.}) 13. Nd2 {White is more active.} g6 14. h4 Ng7 {[#]} (14... a5 $14) 15. g4 $1 $16 a5 16. h5 (16. O-O-O $142) 16... a4 17. O-O-O Nc5 18. hxg6 (18. Kb1 $16) 18... fxg6 $14 19. Rh2 Ne8 20. Rdh1 Rf7 21. Kb1 Nf6 22. f3 Nfd7 23. Qc1 c6 24. Nf1 cxd5 25. cxd5 ({White should try} 25. exd5 $16 Nb3 26. Qe3) 25... Nf8 (25... b6 $14) 26. Qe3 Bd7 27. Nd2 b5 {Prevents Nc4.} 28. Rc1 Be8 29. Rhh1 (29. Rf1 {looks sharper.} Rc8 30. Rfh1 Rb8 31. Rh4 Rf4 32. Nf1) 29... Qd8 {[#] Loses the game.} (29... Rb8 $16 {might work better.}) 30. Bxe5 $1 $18 {[%mdl 512]} dxe5 31. Rxc5 Rb7 32. Qc3 Qb8 (32... Rab8 {was necessary.} 33. Qb4 (33. Qxe5 Nd7 $11) 33... Qe7) 33. Qb4 Qa7 34. Rhc1 ({Avoid the trap} 34. Bxb5 $2 Rab8 35. Qc3 Bxb5 $17) 34... Rab8 35. Ka2 g5 $2 (35... Nd7 36. Rc8 Nb6) 36. Nf1 ({Less strong is} 36. Rc8 Qb6 37. Nf1 Rf7 38. Rxb8 Qxb8 $18) 36... Ng6 37. Ng3 Nf4 38. Bf1 h5 39. gxh5 Nxh5 40. Nxh5 Bxh5 41. Qd2 Rg7 42. Qh2 Bxf3 43. Rc8+ {Weighted Error Value: White=0.16 (very precise) /Black=0.60} 1-0

[Event "20th Prague Open 2022"]
[Site "Prague"]
[Date "2022.01.07"]
[Round "1.2"]
[White "Brhel, Jan"]
[Black "Pijpers, Arthur"]
[Result "0-1"]
[WhiteElo "2016"]
[BlackElo "2485"]
[Annotator "TA"]
[PlyCount "54"]
[EventDate "2022.01.07"]
[EventType "swiss"]
[EventCountry "CZE"]
[SourceTitle "playchess.com"]
[Source "ChessBase"]
[SourceQuality "1"]

{[%evp 25,54,0,0,0,15,0,0,-12,0,0,0,0,0,-6,0,0,8,4,17,0,78,0,0,0,0,-16,-3,-2,0,-666,-650]} 1. d4 Nf6 2. c4 g6 3. Nc3 d5 4. cxd5 Nxd5 5. e4 Nxc3 6. bxc3 Bg7 7. Bc4 c5 8. Ne2 Nc6 9. Be3 O-O 10. O-O b6 11. Rb1 cxd4 12. cxd4 Na5 13. Bd3 e6 14. Qd2 {D87: Exchange Grünfeld: Classical Line: Variations without ...cxd4.} Bb7 15. Bh6 Rc8 16. Rbc1 {The position is equal.} Qe7 17. Bxg7 Kxg7 {[#]} 18. Rxc8 $146 ({Predecessor:} 18. f4 f5 19. d5 Rxc1 20. Rxc1 fxe4 21. Bxe4 exd5 22. Qd4+ Qf6 23. Rc7+ Kh8 24. Qxf6+ Rxf6 {½-½ (41) Birens,E (2099)-Milesi,L (2140) France 1999}) 18... Rxc8 19. Rc1 {Inhibits Nc4.} Rxc1+ 20. Qxc1 Qb4 21. h4 Nc6 22. h5 gxh5 (22... Nxd4 $2 23. h6+ Kg8 24. Nxd4 Qxd4 {[#]} 25. Qc7 $1 $18) (22... Qd6 $11 {keeps the balance.}) 23. e5 (23. d5 $16 Ne5 24. Qg5+ Ng6 25. Ng3) 23... Kf8 $11 24. a3 Qa4 25. Qh6+ Ke8 {[#] Threatens to win with ...Qd1+.} 26. Qxh7 Qxa3 27. Nf4 $2 {[%mdl 8192]} (27. Qh8+ $11 Ke7 28. Bb5) 27... Qc1+ {Weighted Error Value: White=0.65/Black=0.17 (very precise)} 0-1

[Event "20th Prague Open 2022"]
[Site "Prague"]
[Date "2022.01.07"]
[Round "1.3"]
[White "Mirzoev, Azer"]
[Black "Cap, Piotr"]
[Result "1-0"]
[WhiteElo "2420"]
[BlackElo "2014"]
[Annotator "NA"]
[PlyCount "97"]
[EventDate "2022.01.07"]
[EventType "swiss"]
[EventCountry "CZE"]
[SourceTitle "playchess.com"]
[Source "ChessBase"]
[SourceQuality "1"]
[TimeControl "40/5400+30:1800+30"]

1. d4 {[%emt 0:00:06]} d6 {[%emt 0:00:36]} 2. e4 {[%emt 0:00:10]} Nf6 {[%emt 0:00:31]} 3. Nc3 {[%emt 0:00:07]} g6 {[%emt 0:00:33]} 4. Be3 {[%emt 0:00:07]} Bg7 {[%emt 0:00:27]} 5. Qd2 {[%emt 0:00:12]} a6 {[%emt 0:02:01]} 6. Bh6 {[%emt 0:00:14]} Bxh6 {[%emt 0:02:11]} 7. Qxh6 {[%emt 0:00:11]} b5 {[%emt 0:02:25]} 8. f3 {[%emt 0:00:21]} e5 {[%emt 0:01:34]} 9. Nge2 {[%emt 0:01:34]} Qe7 {[%emt 0:03:30]} 10. dxe5 {[%emt 0:05:18]} (10. a3 $14) 10... dxe5 {[%emt 0:01:22]} 11. O-O-O {[%emt 0:00:08]} Bb7 {[%emt 0:03:34]} 12. h4 {[%emt 0:07:47]} Nbd7 {[%emt 0:04:05]} 13. g4 {[%emt 0:00:40]} Qf8 {[%emt 0:02:50]} 14. Qd2 {[%emt 0:02:42]} Nb6 {[%emt 0:03:06]} 15. Ng3 {[%emt 0:06:34]} h5 {[%emt 0:05:30]} 16. g5 {[%emt 0:12:49]} Nfd7 {[%emt 0:01:28]} 17. Bh3 {[%emt 0:00:07]} Qe7 {[%emt 0:05:37]} (17... O-O-O $1 $11) 18. Nd5 {[%emt 0:02:31]} Bxd5 {[%emt 0:00:12]} 19. exd5 {[%emt 0:00:13]} Nc4 {[%emt 0:02:14]} 20. Qc3 {[%emt 0:00:22]} Ndb6 {[%emt 0:04:20]} 21. b3 {[%emt 0:12:43]} Qa3+ {[%emt 0:03:14]} 22. Kb1 $16 {[%emt 0:00:04]} Na4 {[%emt 0:05:44]} 23. Qa1 {[%emt 0:00:09]} Rb8 {[%emt 0:06:48]} 24. Ne4 {[%emt 0:07:31]} O-O {[%emt 0:02:07]} 25. Rhe1 {[%emt 0:05:58]} Nab2 {[%emt 0:09:04]} 26. Rc1 {[%emt 0:05:53]} Rfd8 {[%emt 0:02:51]} 27. Bf1 {[%emt 0:00:41]} Rxd5 {[%emt 0:03:30]} 28. Bxc4 {[%emt 0:00:13]} Nxc4 {[%emt 0:00:52]} 29. Qc3 {[%emt 0:00:08]} Nd2+ {[%emt 0:05:06]} 30. Nxd2 {[%emt 0:00:27]} b4 {[%emt 0:01:06]} 31. Qa1 {[%emt 0:06:21]} Rxd2 {[%emt 0:00:38]} 32. Qxe5 {[%emt 0:00:10]} Rb5 {[%emt 0:05:21]} 33. Qf6 {[%emt 0:09:01]} Rb8 {[%emt 0:02:10]} 34. Re7 {[%emt 0:03:05]} Rf8 {[%emt 0:00:35]} 35. Rxc7 {[%emt 0:01:32]} Qa5 {[%emt 0:01:09]} 36. Qf4 {[%emt 0:01:54]} Rd5 {[%emt 0:02:53]} 37. Rc4 {[%emt 0:00:48]} Rb5 {[%emt 0:01:04]} 38. Re1 {[%emt 0:00:51]} Qb6 {[%emt 0:00:29]} 39. Kb2 {[%emt 0:01:47]} a5 {[%emt 0:00:13]} 40. Re5 {[%emt 0:00:40]} Rxe5 {[%emt 0:05:54]} 41. Qxe5 {[%emt 0:30:09]} a4 {[%emt 0:01:57]} 42. bxa4 {[%emt 0:00:00]} Qb7 {[%emt 0:04:30]} 43. Qe4 Qd7 44. Rxb4 {[%emt 0:00:00]} Re8 {[%emt 0:01:21]} 45. Qd3 {[%emt 0:00:00]} Qe7 {[%emt 0:00:56]} 46. a3 {[%emt 0:00:00]} Qe5+ {[%emt 0:00:37]} 47. Qd4 {[%emt 0:00:00]} Qg3 {[%emt 0:01:10]} 48. Qf4 {[%emt 0:00:00]} Qe1 {[%emt 0:00:41]} 49. Rb8 {[%emt 0:00:00]} 1-0

[Event "20th Prague Open 2022"]
[Site "Prague"]
[Date "2022.01.07"]
[Round "1.4"]
[White "Lhotska, Anna"]
[Black "Neuman, Petr"]
[Result "0-1"]
[WhiteElo "2014"]
[BlackElo "2402"]
[Annotator "ChessBase"]
[PlyCount "62"]
[EventDate "2022.01.07"]
[EventType "swiss"]
[EventCountry "CZE"]
[SourceTitle "playchess.com"]
[Source "ChessBase"]
[SourceQuality "1"]
[TimeControl "40/5400+30:1800+30"]

1. e4 {[%emt 0:00:04]} c5 {[%emt 0:00:09]} 2. Nf3 {[%emt 0:00:12]} d6 {[%emt 0:00:05]} 3. d4 {[%emt 0:00:06]} cxd4 {[%emt 0:00:04]} 4. Nxd4 {[%emt 0:00:06]} Nf6 {[%emt 0:00:04]} 5. Nc3 {[%emt 0:00:09]} Nc6 {[%emt 0:00:05]} 6. Bc4 {[%emt 0:00:50]} Qb6 {[%emt 0:00:50]} 7. Nb3 {[%emt 0:12:10]} e6 {[%emt 0:00:46]} 8. O-O {[%emt 0:02:09]} a6 {[%emt 0:00:47]} 9. Be3 {[%emt 0:02:51]} Qc7 {[%emt 0:00:07]} 10. a4 {[%emt 0:04:07]} b6 {[%emt 0:04:37]} 11. f4 {[%emt 0:07:25]} Be7 {[%emt 0:01:12]} 12. Qe1 {[%emt 0:04:38]} O-O {[%emt 0:05:09]} 13. Qg3 {[%emt 0:05:31]} Rb8 {[%emt 0:21:46]} 14. Rae1 {[%emt 0:10:28]} g6 {[%emt 0:06:07]} 15. Bd3 {[%emt 0:18:57]} Na5 {[%emt 0:06:45]} 16. Nd4 {[%emt 0:02:43]} Nc4 {[%emt 0:01:49]} 17. Bc1 {[%emt 0:01:08]} Qc5 {[%emt 0:01:10]} 18. Nce2 {[%emt 0:02:37]} Bb7 {[%emt 0:07:41]} 19. b3 {[%emt 0:04:50]} Na5 {[%emt 0:00:36]} 20. Be3 {[%emt 0:02:00]} Qc7 {[%emt 0:01:06]} 21. f5 {[%emt 0:06:30]} Nh5 {[%emt 0:04:48]} 22. Qg4 {[%emt 0:01:50]} Nf6 {[%emt 0:01:11]} 23. Qh3 {[%emt 0:00:46]} gxf5 {[%emt 0:05:57]} 24. Nxf5 {[%emt 0:07:04]} exf5 {[%emt 0:00:57]} 25. Qxf5 {[%emt 0:00:37]} Nc6 {[%emt 0:04:12]} 26. Bg5 {[%emt 0:02:56]} Bc8 {[%emt 0:01:00]} 27. Qf2 {[%emt 0:00:21]} Ng4 {[%emt 0:00:47]} 28. Qf4 {[%emt 0:00:23]} Nce5 {[%emt 0:00:56]} 29. h3 {[%emt 0:00:39]} Ng6 {[%emt 0:00:19]} 30. Qd2 {[%emt 0:00:23]} Qc5+ {[%emt 0:00:08]} 31. Kh1 {[%emt 0:00:26]} Bxg5 {[%emt 0:00:09]} 0-1

[Event "20th Prague Open 2022"]
[Site "Prague"]
[Date "2022.01.07"]
[Round "1.5"]
[White "Haring, Filip"]
[Black "Kobl, Rudolf"]
[Result "1-0"]
[WhiteElo "2398"]
[BlackElo "2009"]
[Annotator "ChessBase"]
[PlyCount "91"]
[EventDate "2022.01.07"]
[EventType "swiss"]
[EventCountry "CZE"]
[SourceTitle "playchess.com"]
[Source "ChessBase"]
[SourceQuality "1"]
[TimeControl "40/5400+30:1800+30"]

1. e4 {[%emt 0:00:04]} c5 {[%emt 0:00:39]} 2. Nf3 {[%emt 0:00:12]} e6 {[%emt 0:00:29]} 3. Nc3 {[%emt 0:00:57]} Nc6 {[%emt 0:00:21]} 4. d4 {[%emt 0:01:22]} cxd4 {[%emt 0:00:14]} 5. Nxd4 {[%emt 0:00:07]} Qc7 {[%emt 0:00:06]} 6. Be3 {[%emt 0:01:38]} a6 {[%emt 0:00:06]} 7. Qf3 {[%emt 0:00:32]} Bd6 {[%emt 0:00:29]} 8. O-O-O {[%emt 0:02:10]} Be5 {[%emt 0:00:09]} 9. g3 {[%emt 0:00:58]} Nge7 {[%emt 0:00:53]} 10. Qe2 {[%emt 0:02:17]} b5 {[%emt 0:01:08]} 11. f4 {[%emt 0:02:17]} Nxd4 {[%emt 0:00:27]} 12. Bxd4 {[%emt 0:00:14]} Bxd4 {[%emt 0:00:06]} 13. Rxd4 {[%emt 0:00:07]} Rb8 {[%emt 0:00:48]} 14. Bg2 {[%emt 0:06:13]} Bb7 {[%emt 0:08:49]} 15. Rhd1 {[%emt 0:01:45]} Bc6 {[%emt 0:04:15]} 16. Nd5 {[%emt 0:00:25]} Nxd5 {[%emt 0:14:42]} 17. exd5 {[%emt 0:00:12]} Ba8 {[%emt 0:06:01]} 18. f5 {[%emt 0:00:56]} O-O {[%emt 0:13:39]} 19. f6 {[%emt 0:14:33]} gxf6 {[%emt 0:12:52]} 20. Kb1 {[%emt 0:04:04]} Rbc8 {[%emt 0:07:07]} 21. Rh4 {[%emt 0:08:18]} Qe5 {[%emt 0:08:15]} 22. Re4 {[%emt 0:00:04]} Qc7 {[%emt 0:00:54]} 23. c3 {[%emt 0:03:35]} Kh8 {[%emt 0:02:54]} 24. Qh5 {[%emt 0:01:32]} Rg8 {[%emt 0:02:46]} 25. Qxf7 {[%emt 0:00:23]} Rcf8 {[%emt 0:00:27]} 26. Qh5 {[%emt 0:01:58]} f5 {[%emt 0:02:26]} 27. Re2 {[%emt 0:06:21]} Qd6 {[%emt 0:04:35]} 28. Rf2 {[%emt 0:03:59]} Qc5 {[%emt 0:02:39]} 29. Qe2 {[%emt 0:02:39]} Rg6 {[%emt 0:01:05]} 30. Rf4 {[%emt 0:03:27]} a5 {[%emt 0:01:03]} 31. a3 {[%emt 0:05:03]} Kg8 {[%emt 0:00:53]} 32. Rh4 {[%emt 0:03:12]} Rb8 {[%emt 0:01:23]} 33. dxe6 {[%emt 0:05:13]} Bxg2 {[%emt 0:00:03]} 34. exd7 {[%emt 0:01:33]} Bd5 {[%emt 0:04:02]} 35. Qe8+ {[%emt 0:00:06]} Rxe8 {[%emt 0:00:42]} 36. dxe8=Q+ {[%emt 0:00:08]} Kg7 {[%emt 0:00:13]} 37. Rxd5 {[%emt 0:01:02]} Qxd5 {[%emt 0:00:22]} 38. Qe7+ {[%emt 0:00:03]} Kg8 {[%emt 0:00:52]} 39. Qxh7+ {[%emt 0:00:10]} Kf8 {[%emt 0:00:04]} 40. Qxg6 {[%emt 0:00:08]} Qd1+ {[%emt 0:00:05]} 41. Ka2 {[%emt 0:30:02]} Qd5+ {[%emt 0:30:26]} 42. c4 {[%emt 0:00:05]} bxc4 {[%emt 0:00:11]} 43. Rh8+ {[%emt 0:00:15]} Ke7 {[%emt 0:00:05]} 44. Rh7+ {[%emt 0:00:03]} Kd8 {[%emt 0:00:14]} 45. Qf6+ {[%emt 0:00:25]} Kc8 {[%emt 0:00:27]} 46. Qf8+ {[%emt 0:00:04]} 1-0

[Event "20th Prague Open 2022"]
[Site "Prague"]
[Date "2022.01.07"]
[Round "1.6"]
[White "Van de Lagemaat, Arend"]
[Black "Jurcik, Marian"]
[Result "0-1"]
[WhiteElo "2008"]
[BlackElo "2397"]
[Annotator "TA"]
[PlyCount "122"]
[EventDate "2022.01.07"]
[EventType "swiss"]
[EventCountry "CZE"]
[SourceTitle "playchess.com"]
[Source "ChessBase"]
[SourceQuality "1"]

{[%evp 9,122,0,6,8,39,-17,-3,-27,-34,-38,-27,-74,-64,-92,-75,-95,-70,-113,-88,-79,-74,-123,0,-45,-59,-66,-48,-33,8,0,15,28,16,10,13,-37,0,0,42,64,89,56,117,60,64,-15,-12,-77,-74,-209,-55,-42,-43,-38,-68,-168,-159,-218,-218,-227,-231,-246,-253,-246,-245,-268,-255,-271,-256,-234,0,-268,-268,-268,-268,-267,-239,-247,-239,-246,-247,-246,-246,-260,-235,-235,-236,-246,-241,-264,-243,-266,-256,-5443,-6812,-3147,-794,-5830,-3940,-12824,-9641,-12832,-12831,-12829,-12831,-12831,-585,-12845,-12845,-12846,-12847,-12847,-12847,-12847,-12847]} 1. d4 Nf6 2. Nf3 d5 3. g3 c5 4. Bg2 cxd4 5. O-O h6 6. b3 {D02: 1 d4 d5 2 Nf3 sidelines, including 2...Nf6 3 g3 and 2...Nf6 3 Bf4.} Bg4 7. Nxd4 (7. Ne5 $1 $14) 7... e5 $11 8. Nf3 {The position is equal.} (8. h3 $5 {[%cal Rh3g4]}) 8... Nc6 9. Bb2 {[#]} Qc7 $146 ({Predecessor:} 9... Bd6 10. Nbd2 O-O 11. c4 d4 12. Qc2 Rc8 13. a3 Qd7 14. Ne4 Nxe4 15. Qxe4 Bf5 {0-1 (31) Gil,L (1836)-Vilaisarn,A (2205) Bastia 2007}) 10. c4 (10. h3 $11 Be6 11. e3) 10... d4 $1 $17 11. Na3 Bc5 12. h3 Bh5 13. Nc2 (13. Nb5 $15 Qe7 14. a3) 13... O-O 14. Nh4 e4 {[%cal Od4d3] Strongly threatening ...d3!} 15. b4 (15. g4 $2 Bxg4 $1 {[%mdl 512]} 16. b4 d3 $1 17. bxc5 dxe2 $1 $19) (15. Qe1 $142) 15... d3 {Black is more active.} 16. bxc5 (16. Bxf6 $11 dxc2 17. Qd5 Bxe2 18. bxc5 Bxf1 19. Rxf1 gxf6 20. Qxe4) 16... dxe2 $15 (16... Bxe2 17. Qd2 Bxf1 18. Rxf1 dxc2 19. Bxf6 gxf6 20. Bxe4 $16) 17. Qd6 exf1=Q+ 18. Kxf1 Ne8 (18... Qxd6 $15 19. cxd6 Rfd8 20. Bxf6 gxf6) 19. Qd5 $11 Bf3 20. Nxf3 exf3 21. Qxf3 Rd8 22. Re1 {Prevents Ne5.} (22. Qc3 $11) 22... Qd7 23. Ne3 Qd3+ (23... Qd2 $11 {was preferrable.} 24. Ba1 f5) 24. Kg1 $14 {[%mdl 1024] White has compensation.} Qd2 25. Rb1 ({But not} 25. Re2 Nd4 $1 26. Bxd4 (26. Rxd2 $2 Nxf3+ 27. Bxf3 Rxd2 $19) 26... Qxd4 $15) 25... Qa5 (25... Qd3 $14 26. Qf5 (26. Rd1 Qg6 $14) 26... Qxf5 27. Nxf5 Rd7) 26. Qf5 (26. Nf5 $16 {[%cal Of5h6] Black must now prevent Nxh6+!} Qxc5 27. Ba3 Qxc4 28. Bxf8 (28. Rxb7 Qa6 $14) 28... Kxf8 29. Rxb7) 26... Ne7 $1 27. Qh5 (27. Qe5 $14 Nc6 28. Qc3 Qxc3 29. Bxc3) 27... b6 $11 28. Be4 (28. Qe5 $1 $11 {keeps the balance.} Ng6 29. Qc3) 28... Qxc5 $17 29. Qh4 (29. Nd5 $17) 29... Qg5 $2 (29... f5 $1 $19 {[%cal Rf5e4]} 30. Bd5+ Kh7) 30. Qxg5 $15 hxg5 31. Ba3 {A strong pair of Bishops.} Nd6 32. Bd3 (32. Bc2 $1 $15) 32... Rfe8 $19 {[%cal Od6b5]} 33. c5 {[#]} (33. Bc2 $17) 33... bxc5 $1 34. Bxc5 {[#]} Nc6 $1 35. Rb3 Ne4 36. Bxe4 Rxe4 37. Rb7 a5 38. Rc7 Nb4 39. Ra7 Nc6 $2 ({Black should try} 39... Nd3 $19 40. Bb6 Rd6 41. Bxa5 Ra4) 40. Ra6 $2 {[%mdl 8192]} (40. Rc7 $1 $11) 40... Re6 41. Kg2 Rc8 42. Ba3 Re5 43. Bd6 {[#]} Nb4 $1 {[%mdl 512] And now ...Re6 would win.} 44. Ra7 Re6 45. Bxb4 axb4 {[%mdl 4096] Endgame KRR-KRN} 46. Rb7 Ra8 47. Rxb4 Rxa2 {...Rxe3 is the strong threat.} 48. Rb3 g6 49. Rc3 Kg7 50. g4 Rf6 51. Rc2 (51. Nc2) 51... Rxc2 {Black is clearly winning.} 52. Nxc2 {KR-KN} Ra6 (52... Rc6 $142 53. Nd4 Rc3) 53. Nd4 Ra3 54. Nf3 Kf6 55. Kg3 Ke6 56. Kg2 f6 57. Ng1 Ke5 58. f3 Kf4 59. Ne2+ Ke3 60. Ng1 Ra2+ 61. Kg3 Ra1 {Weighted Error Value: White=0.79/Black=0.30} 0-1

[Event "20th Prague Open 2022"]
[Site "Prague"]
[Date "2022.01.07"]
[Round "1.7"]
[White "Czerw, Dawid"]
[Black "Ricken, Katharina"]
[Result "1/2-1/2"]
[WhiteElo "2396"]
[BlackElo "2004"]
[Annotator "ChessBase"]
[PlyCount "77"]
[EventDate "2022.01.07"]
[EventType "swiss"]
[EventCountry "CZE"]
[SourceTitle "playchess.com"]
[Source "ChessBase"]
[SourceQuality "1"]
[TimeControl "40/5400+30:1800+30"]

1. d4 {[%emt 0:00:03]} e6 {[%emt 0:00:04]} 2. c4 {[%emt 0:00:21]} Bb4+ {[%emt 0:00:04]} 3. Bd2 {[%emt 0:00:56]} Qe7 {[%emt 0:00:08]} 4. e4 {[%emt 0:05:02]} Nc6 {[%emt 0:00:42]} 5. Nf3 {[%emt 0:03:13]} Nf6 {[%emt 0:01:45]} 6. Bd3 {[%emt 0:03:14]} Bxd2+ {[%emt 0:01:51]} 7. Nbxd2 {[%emt 0:02:31]} e5 {[%emt 0:00:51]} 8. d5 {[%emt 0:06:57]} Nb4 {[%emt 0:01:29]} 9. Bb1 {[%emt 0:06:00]} a5 {[%emt 0:00:19]} 10. O-O {[%emt 0:04:22]} O-O {[%emt 0:00:10]} 11. a3 {[%emt 0:04:21]} Na6 {[%emt 0:01:11]} 12. Bc2 {[%emt 0:00:11]} d6 {[%emt 0:00:44]} 13. b4 {[%emt 0:00:59]} Bg4 {[%emt 0:00:26]} 14. Rb1 {[%emt 0:02:20]} c6 {[%emt 0:04:36]} 15. Qe2 {[%emt 0:12:39]} axb4 {[%emt 0:01:30]} 16. axb4 {[%emt 0:00:06]} c5 {[%emt 0:00:20]} 17. bxc5 {[%emt 0:02:04]} Nxc5 {[%emt 0:00:22]} 18. Rb2 {[%emt 0:00:58]} Ra3 {[%emt 0:02:01]} 19. Rfb1 {[%emt 0:03:55]} Rfa8 {[%emt 0:01:17]} 20. h3 {[%emt 0:03:32]} Bxf3 {[%emt 0:00:34]} 21. Nxf3 {[%emt 0:00:41]} Ra2 {[%emt 0:07:02]} 22. Nd2 {[%emt 0:03:31]} Nfd7 {[%emt 0:04:47]} 23. Nf1 {[%emt 0:01:10]} Qd8 {[%emt 0:03:06]} 24. Ne3 {[%emt 0:00:41]} g6 {[%emt 0:01:07]} 25. g3 {[%emt 0:01:33]} h5 {[%emt 0:03:58]} 26. Kg2 {[%emt 0:01:51]} Qg5 {[%emt 0:06:20]} 27. h4 {[%emt 0:02:17]} Qd8 {[%emt 0:01:34]} 28. Nd1 {[%emt 0:00:49]} Rxb2 29. Rxb2 {[%emt 0:00:22]} Ra3 {[%emt 0:03:36]} 30. Qd2 {[%emt 0:03:10]} Kg7 {[%emt 0:01:37]} 31. Rb5 {[%emt 0:06:15]} Qa8 {[%emt 0:05:57]} 32. Ne3 {[%emt 0:02:45]} Qd8 {[%emt 0:02:47]} 33. Qc1 {[%emt 0:02:47]} Ra5 {[%emt 0:02:05]} 34. Rb2 {[%emt 0:01:11]} Qa8 {[%emt 0:01:28]} 35. g4 {[%emt 0:02:22]} Ra1 {[%emt 0:04:16]} 36. Rb1 {[%emt 0:02:57]} Rxb1 {[%emt 0:00:41]} 37. Bxb1 {[%emt 0:00:08]} Qd8 {[%emt 0:07:29]} 38. gxh5 {[%emt 0:07:02]} Qxh4 {[%emt 0:00:51]} 39. hxg6 {[%emt 0:00:07]} 1/2-1/2

[Event "20th Prague Open 2022"]
[Site "Prague"]
[Date "2022.01.07"]
[Round "1.8"]
[White "Prazak, Daniel"]
[Black "Blahynka, Martin"]
[Result "0-1"]
[WhiteElo "1993"]
[BlackElo "2399"]
[Annotator "ChessBase"]
[PlyCount "72"]
[EventDate "2022.01.07"]
[EventType "swiss"]
[EventCountry "CZE"]
[SourceTitle "playchess.com"]
[Source "ChessBase"]
[SourceQuality "1"]
[TimeControl "40/5400+30:1800+30"]

1. e4 {[%emt 0:00:03]} c5 {[%emt 0:00:06]} 2. Nf3 {[%emt 0:00:34]} d6 {[%emt 0:00:07]} 3. Bb5+ {[%emt 0:00:13]} Nd7 {[%emt 0:00:08]} 4. d4 {[%emt 0:01:21]} cxd4 {[%emt 0:00:06]} 5. Qxd4 {[%emt 0:00:10]} a6 {[%emt 0:02:11]} 6. Bxd7+ {[%emt 0:00:53]} Bxd7 {[%emt 0:00:05]} 7. Nc3 {[%emt 0:00:48]} Rc8 {[%emt 0:08:27]} 8. O-O {[%emt 0:01:23]} e5 {[%emt 0:00:20]} 9. Qd3 {[%emt 0:00:09]} Qc7 {[%emt 0:00:50]} 10. Rd1 {[%emt 0:05:30]} h6 {[%emt 0:07:11]} 11. Nd2 {[%emt 0:04:21]} Nf6 {[%emt 0:00:10]} 12. Nf1 {[%emt 0:03:01]} Qc4 {[%emt 0:00:36]} 13. Qxc4 {[%emt 0:12:26]} Rxc4 {[%emt 0:02:14]} 14. Ne3 {[%emt 0:01:46]} Rd4 {[%emt 0:06:14]} 15. f3 {[%emt 0:02:49]} Rxd1+ {[%emt 0:00:29]} 16. Nexd1 {[%emt 0:00:59]} Be7 {[%emt 0:01:00]} 17. Ne3 {[%emt 0:10:19]} h5 {[%emt 0:10:41]} 18. b3 {[%emt 0:10:44]} Be6 {[%emt 0:14:49]} 19. Ba3 {[%emt 0:10:03]} Kd7 {[%emt 0:00:35]} 20. Rd1 {[%emt 0:01:17]} Rc8 {[%emt 0:17:17]} 21. Rd3 {[%emt 0:02:09]} Ne8 {[%emt 0:07:05]} 22. Ncd5 {[%emt 0:12:59]} Bxd5 {[%emt 0:02:57]} 23. Rxd5 {[%emt 0:00:08]} g6 {[%emt 0:10:08]} 24. Kf2 {[%emt 0:03:02]} Ke6 {[%emt 0:00:19]} 25. c4 {[%emt 0:03:07]} f5 {[%emt 0:00:23]} 26. Rd1 {[%emt 0:08:43]} fxe4 {[%emt 0:01:11]} 27. fxe4 {[%emt 0:00:23]} Nf6 {[%emt 0:00:06]} 28. Nd5 {[%emt 0:00:08]} Nxe4+ {[%emt 0:00:26]} 29. Ke3 {[%emt 0:02:41]} Nc5 {[%emt 0:00:05]} 30. Rf1 {[%emt 0:01:07]} Bg5+ {[%emt 0:01:13]} 31. Ke2 {[%emt 0:00:16]} b5 {[%emt 0:03:58]} 32. g3 {[%emt 0:00:33]} Ne4 {[%emt 0:01:07]} 33. Kd3 {[%emt 0:01:18]} Nd2 {[%emt 0:01:07]} 34. Rc1 {[%emt 0:01:35]} bxc4+ {[%emt 0:00:10]} 35. bxc4 {[%emt 0:00:04]} e4+ {[%emt 0:00:48]} 36. Ke2 {[%emt 0:00:15]} Nxc4 {[%emt 0:00:27]} 0-1

[Event "20th Prague Open 2022"]
[Site "Prague"]
[Date "2022.01.07"]
[Round "1.9"]
[White "Fus, Jakub"]
[Black "Poessel, Christian"]
[Result "1-0"]
[WhiteElo "2384"]
[BlackElo "2003"]
[Annotator "ChessBase"]
[PlyCount "49"]
[EventDate "2022.01.07"]
[EventType "swiss"]
[EventCountry "CZE"]
[SourceTitle "playchess.com"]
[Source "ChessBase"]
[SourceQuality "1"]
[TimeControl "40/5400+30:1800+30"]

1. e4 {[%emt 0:00:14]} c5 {[%emt 0:00:10]} 2. Nc3 {[%emt 0:00:42]} e6 {[%emt 0:00:09]} 3. Nf3 {[%emt 0:00:59]} a6 {[%emt 0:00:25]} 4. d4 {[%emt 0:01:26]} cxd4 {[%emt 0:00:48]} 5. Nxd4 {[%emt 0:00:08]} d6 {[%emt 0:00:03]} 6. g3 {[%emt 0:06:01]} Nf6 {[%emt 0:04:38]} 7. Bg2 {[%emt 0:00:38]} Be7 {[%emt 0:01:18]} 8. O-O {[%emt 0:01:13]} O-O {[%emt 0:00:40]} 9. b3 {[%emt 0:04:20]} Qc7 {[%emt 0:02:05]} 10. Bb2 {[%emt 0:01:41]} Bd7 {[%emt 0:00:12]} 11. Nce2 {[%emt 0:09:54]} Nc6 {[%emt 0:01:35]} 12. c4 {[%emt 0:01:37]} Rac8 {[%emt 0:01:19]} 13. Rc1 {[%emt 0:02:12]} Qb8 {[%emt 0:01:40]} 14. Re1 {[%emt 0:07:25]} b5 {[%emt 0:16:31]} 15. Nxc6 {[%emt 0:02:00]} Bxc6 {[%emt 0:01:42]} 16. cxb5 {[%emt 0:07:59]} axb5 {[%emt 0:01:12]} 17. Rxc6 {[%emt 0:01:42]} Rxc6 {[%emt 0:00:24]} 18. e5 {[%emt 0:00:13]} Nd5 {[%emt 0:00:23]} 19. Bxd5 {[%emt 0:01:04]} exd5 {[%emt 0:00:32]} 20. Nd4 {[%emt 0:00:05]} Qc8 {[%emt 0:06:43]} 21. exd6 {[%emt 0:05:58]} Bxd6 {[%emt 0:03:50]} 22. Nxc6 {[%emt 0:00:07]} Qxc6 {[%emt 0:01:18]} 23. Qg4 {[%emt 0:00:06]} f6 {[%emt 0:02:33]} 24. Qe6+ {[%emt 0:00:24]} Kh8 {[%emt 0:08:08]} 25. Ba3 {[%emt 0:00:24]} 1-0